Windows Powershell Unleashed (Record no. 317838)
[ view plain ]
| 000 -LEADER | |
|---|---|
| fixed length control field | 00389nam a2200145Ia 4500 |
| 008 - FIXED-LENGTH DATA ELEMENTS--GENERAL INFORMATION | |
| fixed length control field | 230718s9999 xx 000 0 und d |
| 041 ## - LANGUAGE CODE | |
| Language code of text/sound track or separate title | eng |
| 082 ## - DEWEY DECIMAL CLASSIFICATION NUMBER | |
| Classification number | 005.2684 |
| Item number | KOP |
| 100 ## - MAIN ENTRY--PERSONAL NAME | |
| Personal name | Kopczynski T. |
| 9 (RLIN) | 167168 |
| 245 ## - TITLE STATEMENT | |
| Title | Windows Powershell Unleashed |
| 260 ## - PUBLICATION, DISTRIBUTION, ETC. (IMPRINT) | |
| Name of publisher, distributor, etc. | Pearson Education |
| 365 ## - TRADE PRICE | |
| Currency code | Rs. |
| Price amount | 299.00 |
| 700 ## - ADDED ENTRY--PERSONAL NAME | |
| Personal name | Kopczynski T. |
| 9 (RLIN) | 167168 |
| 906 ## - LOCAL DATA ELEMENT F, LDF (RLIN) | |
| d | B:224518-Oct-2007 |
| c | COMP |
| b | 59.8 |
| Withdrawn status | Lost status | Damaged status | Not for loan | Home library | Current library | Date acquired | Vendor | Budget Code | Cost, normal purchase price | Bill number | Total Checkouts | Full call number | Barcode | Date last seen | Discount | Cost, replacement price | Bill Date | Koha item type | Original Barcode |
|---|---|---|---|---|---|---|---|---|---|---|---|---|---|---|---|---|---|---|---|
| Cummins College of Engineering for Women Pune | Cummins College of Engineering for Women Pune | 28/11/2007 | Tbs | COMP | 239.20 | 2245 | 005.2684 | CCEP-BK-29045 | 18/07/2023 | 59.8 | 299.00 | 18/10/2007 | Books | 029045 |